000 00493nam a2200181 i 4500
001 102670
003 ES-MaACL
005 20230906183145.0
007 t|
008 051124s1976 pr ||||1| spa d
020 _a84-346-0195-8
080 _a821.134.2(729.5)-4"19"
100 1 _aGómez Costa, Arturo.
_957877
245 1 0 _aVendimias en prosa /
_cArturo Gómez Costa.
260 _aBarcelona :
_bVosgos,
_c1976.
300 _a116 p. ;
_c19 cm.
852 _aES-MaACL
_jE-11153
_bR.136873
999 _c102670
_d102670